Gaming Quiz

Random Gaming or DC Comics Quiz
Score 0/21 Timer 05:00
0 Plays Today
% Correct
millionaire is so last year.
91.4%
there's plenty wrong with me.
90.7%
born on a Monday.
90.7%
or you will die!
90.6%
I would have saved you.
90.6%
there was an asylum, some monsters, and oh, that's right, you left me to die.
90.3%
watch me kill your favourite cat.
90.1%
Fear! That's how we get respect!
88.2%
I think I chipped a nail back there.
87.5%
I know that you are Bruce Wayne.
86.7%
I guess that'll teach you to get involved in politics.
86.2%
% Correct
I've got a date with immortality.
83.4%
We all know you'll save me.
83.1%
Would-be successors have proven to be nothing more than children battling the enormity of creation.
82.6%
I need you to wake him up.
82.2%
He's kicking all kinds of ass down there.
82.1%
and now that we have you Protocol 10 is ready to commence.
74.4%
this is perfectly understandable.
74.4%
you'll just die!
73.1%
I look forward to breaking you.
70.3%
He just...he just didn't see me.
59.9%
Remove Ads.
Support Sporcle.
Get the best of Sporcle when you Go Orange. This ad-free experience offers more features, more stats, and more fun while also helping to support Sporcle. Thank you for becoming a member.

You're not logged in!

Compare scores with friends on all Sporcle quizzes.
OR
Log In

Show Comments

Extras

Top Quizzes Today


Score Distribution

Your Account Isn't Verified!

In order to create a playlist on Sporcle, you need to verify the email address you used during registration. Go to your Sporcle Settings to finish the process.

Report this User

Report this user for behavior that violates our Community Guidelines.

Details: